Normal view
MARC view
Entry Topical Term
001 - CONTROL NUMBER
- control field: 15472
003 - CONTROL NUMBER IDENTIFIER
- control field: OSt
005 - DATE AND TIME OF LATEST TRANSACTION
- control field: 20211201171428.0
008 - FIXED-LENGTH DATA ELEMENTS
- fixed length control field: 211201|| aca||aabn | a|a d
040 ## - CATALOGING SOURCE
- Original cataloging agency: OSt
- Transcribing agency: OSt
150 ## - HEADING--TOPICAL TERM
- Topical term or geographic name entry element: Intermediate Accounting.
670 ## - SOURCE DATA FOUND
- Source citation: Work cat.: (OSt): Byekwaso, Godfrey; Masereka, Paul 15471, Intermediate Accounting.
